[Event "Asia Cities-ch 17th"]
[Site "Jakarta"]
[Date "2011.04.25"]
[Round "4.6"]
[White "Bayarsaihan, Yondon"]
[Black "Bajracharya, Sangha Ratna"]
[Result "0-1"]
[WhiteElo "2045"]
[BlackElo "1989"]
[PlyCount "38"]
[EventDate "2011.04.22"]
[EventType "team-swiss"]
[EventRounds "9"]
[EventCountry "INA"]
[SourceTitle "CBM 142 Extra"]
[Source "ChessBase"]
[SourceDate "2011.06.27"]
[SourceVersion "1"]
[SourceVersionDate "2011.06.27"]
[SourceQuality "1"]
[WhiteTeam "Erdenet"]
[BlackTeam "Kathmandu"]
[WhiteTeamCountry "MGL"]
[BlackTeamCountry "NEP"]

1. Nf3 Nf6 2. d4 d5 3. c4 e6 4. g3 c6 5. Bg2 Nbd7 6. Nbd2 Be7 7. 0-0 0-0 8. b3 b6 9. Bb2 Bb7 10. Re1 c5 11. cxd5 exd5 12. Rc1 Rc8 13. Bh3 Rc7 14. Ne5 Bd6 15. Ndf3 Re8 16. Nxd7 Nxd7 17. Qd3 c4 18. Qf5 Nf6 19. Ne5 Bc8 0-1